00612nam a2200181 a 4500020001800000082001800018100001700036245009700053260004000150300000900190500003500199505001700234650001900251700001700270942000700287952011900294999001700413 a978812503755200a320.0954bNAN aNandy, Ashis aWritings of Rajni Kothari: politics in India, Caste in India politics, rethinking democracy  aNew Delhi bOrient Blackswan c2009 a470p aincludes index and biblioraphy2 apart 1 and 2 aPolitics-India1 aNandy, Ashis cBK 001040708StackRoom-aHMIbHMId2010-04-13g995.00l0o320.0954 NANp023160r2010-04-13v995.00w2010-02-16yBK c14005d14005